Quizzes
Events
Quiz Creation
Community
Videos
Private Events
Remove Ads
Sign In
Join for FREE
Feedback
Dark Mode
Quiz Categories
Sports
Geography
Music
Movies
Television
Just For Fun
Miscellaneous
History
Literature
Language
Science
Gaming
Entertainment
Religion
Holiday
For Kids
Quiz Lab
Recent
Popular Today
Quiz Kudos Today
Editor Picks
Curator Picks
Quizzes by...
Day
Popularity
Type
Ratings
Length
Year
Community
Subscriptions
Recent Discussions
Orange Saloon
Badges
Playlists
Quests
Create
Leaderboards
Showdown
Live 5
Trivia Bingo
Activity
Puzzle Library
Sporcle Events
Private Events
Virtual Trivia
Globe League
Become a Host
Pub Owners
SporcleCon
Opinionation
Our Games
Videos
Blog
Mobile Apps
Partnerships
Remove Ads and Go Orange
Feedback
Television
TV Characters
TV Show
Sitcom
Network
Friends
Reality Shows
Cast
South Park
Star Trek
The Simpsons
Doctor Who
Television
TV Characters
TV Show
Sitcom
Network
Friends
Reality Shows
Cast
South Park
Star Trek
The Simpsons
Doctor Who
Random Quiz
Search Sporcle
×
Quiz Lab
Quiz Lab
Television
Actor
Type in answers that appear in a list
Type in answers that appear in a list
Classic
Best Score? Go Orange.
Voices on both Family Guy and the Simpsons Stats
Can you name the actors to do voices on both Family Guy and the Simpsons?
By
pianoshootist
8m
52 Questions
86 Plays
86 Plays
86 Plays
Comments
Comments
Give Quiz Kudos
Give Quiz Kudos
-
- Ratings
hide this ad
More Info
Replay
Link that replays current quiz
Next Quiz
Link to next quiz in quiz playlist
You Got
0%
They Got
Avg Score
10%
Avg Friend Score
Upgrade to see
Score Distribution
Jump to the score distribution portion of the page
Score
0/52
Timer
08:00
0
Plays Today
Family Guy episode
Actor
% Correct
Back to the Woods
James Woods
62.8%
Peterotica
Betty White
45.3%
Fifteen Minutes of Shame
Adam West
33.7%
Peter's Got Woods
Patrick Stewart
27.9%
Patriot Games
Tom Brady
27.9%
Whistle While Your Wife Works
Drew Barrymore
26.7%
The Story on Page One
Luke Perry
20.9%
Peter's Progress
Neil Patrick Harris
19.8%
No Meals on Wheels
Ben Stiller
17.4%
Family Gay
Seth Rogen
16.3%
Patriot Games
Jay Leno
16.3%
When You Wish Upon a Weinstein
Mark Hamill
15.1%
Go, Stewie, Go!
Anne Hathaway
14%
Stu & Stewie's Excellent Adventure
Kiefer Sutherland
12.8%
Mr. Saturday Knight
R. Lee Ermey
12.8%
Airport '07
Hugh M. Hefner
12.8%
From Method to Madness
Fred Willard
11.6%
Lois Kills Stewie
Simon Cowell
10.5%
Lois Kills Stewie
Randy Jackson
10.5%
Brian the Bachelor
Nancy Cartwright
9.3%
Jerome Is the New Black
Kevin Michael Richardson
9.3%
One If By Clam, Two If By Sea
Ed Asner
8.1%
If I'm Dyin' I'm Lyin'
Martin Mull
8.1%
Death Lives
Peter Frampton
8.1%
Blue Harvest
Beverly D'Angelo
7%
He's Too Sexy for His Fat
Jay Mohr
7%
Family Guy episode
Actor
% Correct
The Former Life of Brian
Harvey Fierstein
7%
Mind Over Murder
Alex Rocco
7%
I Never Met a Dead Man
Frank Welker
5.8%
PTV
Maurice LaMarche
5.8%
Family Guy Viewer Mail #1
Regis Philbin
5.8%
The Thin White Line
June Foray
5.8%
I Take Thee, Quagmire
Alex Trebek
5.8%
Petarded
Michael York
4.7%
Road to Europe
Michael McKean
4.7%
Tales of a Third Grade Nothing
Andy Dick
4.7%
Death Has a Shadow
Pat Summerall
4.7%
Petarded
Cloris Leachman
3.5%
Fore, Father
Jim Cummings
3.5%
Family Guy Viewer Mail #1
Kelly Ripa
3.5%
Road to Rupert
George Wendt
3.5%
Spies Reminiscent of Us
James Lipton
3.5%
A Hero Sits Next Door
Michelle Kwan
3.5%
Patriot Games
Bob Costas
3.5%
FOX-
y Lady
Daniel Stern
2.3%
Mother Tucker
Gedde Watanabe
2.3%
When You Wish Upon a Weinstein
Ed McMahon
2.3%
Mother Tucker
Gore Vidal
1.2%
The Cleveland-
Loretta Quagmire
Miriam Flynn
1.2%
It Takes a Village Idiot, and I Married One
Keith Olbermann
1.2%
Mr. Griffin Goes to Washington
Jack Sheldon
1.2%
I Dream of Jesus
Russ Leatherman (Mr. Moviefone)
1.2%
Quiz Playlist
Details
Report
Send in Message
Add To Playlist
More Info:
One episode per series is listed. May have appeared on other episodes.
Classic:
Type in answers that appear in a list
Quiz Source
Last Updated: Feb 16, 2017
Quiz Scoreboard
CHALLENGE
Sign Up to Join the Scoreboard
Show All
Scores
Hide
Comments
May contain spoilers
Recently Published
9x9 Crossword: Cartoon Network
by jackfrog10
Miscellaneous
3m
College Basketball Coaching Resumes
by pancakes188
Sports
9m
Billboard Blitz: Fleetwood Mac
by CooCooCachoo
Music
15s
More to Explore
Quiz From the Vault
Featured Blog Post
Where Did the Easter Bunny Come From?
hide this ad
You Might Also Like...
Tags
Actor Quiz
episode
Family
Guy
Voice
Today's Top Quizzes in Television
Browse Television
hide this ad
Today's Top Quizzes in Actor
Browse Actor
Top Contributed Quizzes in Television
1
5-to-1: The Simpsons Families
2
5-to-1: Television Doctors
3
7-to-1: TV Show Settings
4
5-to-1: Streaming Originals
5
Adjectives in 00s TV Shows
6
One Piece Logic Puzzle
7
Survivor Seasons
8
Adjectives in 80s TV Shows
9
All US Survivor Seasons in Order
10
Adjectives in 10s TV Shows
Explore More
Trending Topics
Crossword
Anime
Marvel
Kpop
NBA
Disney
Harry Potter
Song
The Office
Pokémon
Soccer
WWE
Country
NFL
Puzzle
hide this ad
More By:
pianoshootist
Quiz
Plays
Rating
Category
Featured
Created
US Declarations of War
98,004
4.44
History
Sep 5, 2013
Shakespeare: Name Any Character
17,494
4.33
Literature
Oct 25, 2012
Every Big 4 Sports Team Ever (thru 2005)
11,672
4.56
Sports
May 18, 2011
Sports Offenders (Most Points Scored)
4,825
4.20
Sports
May 6, 2012
50 Los Angeles Lakers
4,067
4.11
Sports
Mar 13, 2011
Go to Creator's Profile
Score Distribution
Quiz Creator Spotlight
pianoshootist
Follow
Send a Message
Quizzes Created
-
Created Quiz Play Count
-
More By This Creator
Popular Quizzes Today
1
Find the US States - No Outlines Minefield
2
Find the Countries of Europe - No Outlines Minefield
3
The Countries of the World
4
Find the US States
5
Risky Map Clicking: Biggest States A-Z
6
US States
7
Popular People in 1961
8
Movies - When Are They Set?
More Television Quizzes
Match Game: Animated TV Show Characters
Curator's Pick
Trending Quizzes
Risky Map Clicking: Least Populous States A-Z
1-10 Letter G Words
1-10 Letter F Words
Risky Map Clicking: Next State Alphabetically
Adjectives in 80s TV Shows
Recently Updated
Leaping Animals
pecheneg
Reality TV Shows (A-Z)
bhenderson79
Rickey Henderson's Hall of Fame Teammates
pecheneg
Champions League XIs: Arsenal
pecheneg
Quick Pick: Celebrities in WWE's Hall of Fame
aduchscher
A-Z Keypad Blitz II
pecheneg
Multiple Oscar Actors
pecheneg
Mystery Phrase Blitz: Oscar 'Best Actors'
pecheneg
F. Scott Fitzgerald Novels
LTH
Pick 3 Villains
ddd62291
Trending Topics
Disney
NBA
Anime
Harry Potter
Crossword
Marvel
Kpop
WWE
Song
Puzzle
The Office
Soccer
Pokémon
Country
NFL
Your Account Isn't Verified!
In order to create a playlist on Sporcle, you need to verify the email address you used during registration. Go to your
Sporcle Settings
to finish the process.
Report this User
Report this user for behavior that violates our
Community Guidelines
.
Details:
Send Report
Go to the Sporcle.com Mobile Site →
Comments